ramses iii : proeve van een historich beeld zijner regering /

محفوظ في:

المؤلف الرئيسي: janssen, jozef m. a.

التنسيق: كتاب

اللغة: Undetermined

منشور في: leiden : nederlanDSch instituut voor het nabije oosten, 1948.

سلاسل: lectiones orientales, 1

الموضوعات:

الوسوم: إضافة وسم

لا توجد وسوم, كن أول من يضع وسما على هذه التسجيلة!

رقم الطلب: DT88.8 .J35

LEADER 00689nam a2200169Ia 4500
008 220401s9999||||xx |||||||||||||| ||und||
050 4 |a DT88.8 .J35 
100 1 |a janssen, jozef m. a. 
245 1 0 |a ramses iii :  |b proeve van een historich beeld zijner regering /  |c jozef m. a. janssen. 
264 1 |a leiden :  |b nederlanDSch instituut voor het nabije oosten,  |c 1948. 
300 |a 63p. :  |b illus., facsim. ;  |c 21cm. 
490 0 |a lectiones orientales, 1 
500 |a includes biBLiographies. 
650 1 4 |a ramses iii, king of egypt. 
942 |2 lcc  |c BK 
952 |0 0  |1 0  |2 lcc  |4 0  |6 DT00888 J35  |7 1  |9 39578  |a ARCE  |b ARCE  |d 2022-04-01  |l 0  |o DT88.8 .J35  |p 1007851  |r 2022-04-01 00:00:00  |w 2022-04-01  |y BK 
999 |c 47159  |d 47159